| 000 | 00842nam a2200277 a 4500 | ||
|---|---|---|---|
| 001 | 000111004 | ||
| 003 | CHAP | ||
| 005 | 20220329144154.0 | ||
| 008 | 141121s1971 xxua |r| |||1|||spa d | ||
| 010 | _a107466 | ||
| 011 | _a108438 | ||
| 040 | _cCHAP | ||
| 082 | 0 | 4 |
_a949.5 _bB78 |
| 100 | 1 |
_aBowra, C. M. _9128785 |
|
| 245 | 1 | 3 |
_aLa Grecia clásica / _cpor C. M. Bowra. |
| 260 |
_aE.U.A. : _bTIME-LIFE International, _cc1971. |
||
| 300 |
_a192 p. : _bil. |
||
| 490 | 1 |
_aLas grandes épocas de la humanidad _pHistoria de las culturas mundiales |
|
| 590 |
_aE11695DGD _b10 _c20141122 _lUCH01 _h1142 |
||
| 590 |
_aE6096MTM _b05 _c20141121 _lUCH01 _h1104 |
||
| 650 | 1 | 4 |
_aGrecia _xHistoria. _950535 |
| 830 | 4 |
_aLas grandes épocas de la humanidad _pHistoria de las culturas mundiales _9128751 |
|
| 901 | _aBK | ||
| 942 | _cLIBRO | ||
| 942 | _n0 | ||
| 999 |
_c107466 _d107466 |
||